[Event "Novosibirsk Sukharev Memorial Seniors"]
[Site "Novosibirsk"]
[Date "2010.07.24"]
[Round "7"]
[White "Klynin, Vladimir"]
[Black "Volkov, Petr"]
[Result "1-0"]
[WhiteElo "1987"]
[BlackElo "2056"]
[PlyCount "47"]
[EventDate "2010.07.18"]
[EventType "swiss"]
[EventRounds "9"]
[EventCountry "RUS"]
[SourceTitle "EXT 2011"]
[Source "ChessBase"]
[SourceDate "2010.11.26"]
[SourceVersion "1"]
[SourceVersionDate "2010.11.26"]
[SourceQuality "1"]

1. e4 e5 2. Nf3 Nc6 3. Nc3 Nf6 4. d4 exd4 5. Nxd4 d6 6. g3 Bd7 7. Bg2 Nxd4 8. Qxd4 Bc6 9. 0-0 Be7 10. Bd2 Qd7 11. Nd5 0-0 12. Bc3 Ne8 13. Nxe7+ Qxe7 14. f4 f5 15. Rfe1 fxe4 16. Bxe4 Bxe4 17. Rxe4 Qf7 18. Rae1 c5 19. Qa4 Nf6 20. Re7 Qd5 21. Bxf6 Rxf6 22. Qd7 Qd4+ 23. Kg2 Rff8 24. R1e5 1-0